00604cam a22002051 4500001001300000003000400013005001700017008004100034010001700075035001900092040002500111042001200136050001700148100002800165245005200193260007900245300002500324651003200349999001700381rc 01001286 DLC20260227111903.0781030s1857 tnu 000 0 eng  arc 01001286  a(OCoLC)4331554 aDLCcABAUdABAUdDLC apremarc00aF442.2b.C311 aCarr, John,d1773-1857.10aEarly times in middle Tennessee.cBy John Carr. aNashville, Tenn.,bPub. for E. Carr, by E. Stevenson & F. A. Owens,c1857. avi, 7-248 p.c16 cm. 0aTennessee, MiddlexHistory. c52053d52053